000
00206 a2200085 4500
020
_a
9780500285381
100
_a
Betsky, Aaron
245
_a
Landscrapers: Building with the Land
260
_b
Thames & Hudson
_c
2006
999
_c
11213
_d
11213